[Event "Mainz sim"]
[Site "Mainz"]
[Date "2007.08.13"]
[Round "?"]
[White "Ivanchuk, Vassily"]
[Black "Niekrens, Stefan"]
[Result "1-0"]
[WhiteElo "2762"]
[BlackElo "1836"]
[PlyCount "73"]
[EventDate "2007.08.13"]
[EventType "simul"]
[EventRounds "1"]
[EventCountry "GER"]
[SourceTitle "CBM 119 Extra"]
[Source "ChessBase"]
[SourceDate "2007.09.04"]
[SourceVersion "1"]
[SourceVersionDate "2007.09.04"]
[SourceQuality "1"]

1. c4 Nf6 2. Nc3 g6 3. e4 Bg7 4. e5 Ng8 5. d4 c5 6. dxc5 Bxe5 7. Nf3 Bg7 8. Be3
Nf6 9. Rc1 Nc6 10. h3 O-O 11. Be2 Ne8 12. O-O d6 13. Qb3 Na5 14. Qa3 Be6 15. b3
b6 16. cxb6 axb6 17. Na4 Nc6 18. Rfd1 Bd7 19. Rb1 Ne5 20. Qb4 Bxa4 21. bxa4 Nd7
22. Nd4 Bxd4 23. Rxd4 Nc5 24. Bd1 Nc7 25. Rd2 N7e6 26. h4 h5 27. g3 Ra6 28. Qa3
Qa8 29. Rb4 Qe4 30. Bc2 Qc6 31. Bxc5 bxc5 32. Rb5 Nd4 33. Rxd4 cxd4 34. Rg5
Qxc4 35. Rxg6+ Kh8 36. Qf3 Ra5 37. Qf4 1-0

[Event "Mainz sim"]
[Site "Mainz"]
[Date "2007.08.13"]
[Round "?"]
[White "Ivanchuk, Vassily"]
[Black "Noll, Hanno"]
[Result "1-0"]
[WhiteElo "2762"]
[BlackElo "1644"]
[PlyCount "65"]
[EventDate "2007.08.13"]
[EventType "simul"]
[EventRounds "1"]
[EventCountry "GER"]
[SourceTitle "CBM 119 Extra"]
[Source "ChessBase"]
[SourceDate "2007.09.04"]
[SourceVersion "1"]
[SourceVersionDate "2007.09.04"]
[SourceQuality "1"]

1. c4 c5 2. Nf3 Nc6 3. Nc3 Nf6 4. d4 cxd4 5. Nxd4 g6 6. g3 Bg7 7. Bg2 O-O 8.
O-O Nxd4 9. Qxd4 d6 10. Qd3 Rb8 11. Bf4 Bd7 12. c5 Nh5 13. Be3 Bf5 14. Qb5 Bxc3
15. bxc3 a6 16. Qb4 d5 17. Rfd1 Nf6 18. c4 Kg7 19. cxd5 Qd7 20. Bd4 Kg8 21. Be5
Rbd8 22. e4 Bg4 23. f3 Bh3 24. Bxh3 Qxh3 25. Rac1 h5 26. Qxb7 h4 27. Qxe7 hxg3
28. hxg3 Nd7 29. Bd6 Qh6 30. Bf4 Qg7 31. c6 Nb6 32. Rc2 Nc8 33. Qe5 1-0

[Event "Mainz sim"]
[Site "Mainz"]
[Date "2007.08.13"]
[Round "?"]
[White "Ivanchuk, Vassily"]
[Black "Paap, Michael"]
[Result "1-0"]
[WhiteElo "2762"]
[BlackElo "1882"]
[PlyCount "59"]
[EventDate "2007.08.13"]
[EventType "simul"]
[EventRounds "1"]
[EventCountry "GER"]
[SourceTitle "CBM 119 Extra"]
[Source "ChessBase"]
[SourceDate "2007.09.04"]
[SourceVersion "1"]
[SourceVersionDate "2007.09.04"]
[SourceQuality "1"]

1. c4 Nf6 2. Nc3 e6 3. e4 d5 4. e5 Nfd7 5. d4 c5 6. cxd5 exd5 7. Nf3 cxd4 8.
Qxd4 Nb6 9. Bb5+ Nc6 10. O-O Be7 11. e6 O-O 12. exf7+ Rxf7 13. Bxc6 bxc6 14.
Ne5 Rf6 15. Bg5 c5 16. Qd2 Re6 17. Bxe7 Qxe7 18. f4 Ba6 19. Rfe1 d4 20. Ne4 Nc4
21. Nxc4 Rxe4 22. Ne5 Bb7 23. Rxe4 Bxe4 24. Re1 Bd5 25. b3 a5 26. Qc2 Rc8 27.
h3 g5 28. Nf3 Qf7 29. Nxg5 Qg7 30. Re5 1-0

[Event "Mainz sim"]
[Site "Mainz"]
[Date "2007.08.13"]
[Round "?"]
[White "Ivanchuk, Vassily"]
[Black "Post, Hans Dieter"]
[Result "1-0"]
[WhiteElo "2762"]
[BlackElo "1853"]
[PlyCount "53"]
[EventDate "2007.08.13"]
[EventType "simul"]
[EventRounds "1"]
[EventCountry "GER"]
[SourceTitle "CBM 119 Extra"]
[Source "ChessBase"]
[SourceDate "2007.09.04"]
[SourceVersion "1"]
[SourceVersionDate "2007.09.04"]
[SourceQuality "1"]

1. Nf3 d5 2. d4 Nf6 3. c4 c6 4. Nc3 g6 5. Bf4 a6 6. e3 Bg7 7. h3 O-O 8. Rc1 Nh5
9. Bh2 Be6 10. Ng5 Bh6 11. Nxe6 fxe6 12. Qb3 b5 13. cxb5 axb5 14. Bd3 Nd7 15.
O-O e5 16. Bxe5 Nxe5 17. dxe5 e6 18. a4 Qh4 19. axb5 Rxf2 20. Rxf2 Bxe3 21.
Rcf1 Nf4 22. Ne2 Ra1 23. Kh2 g5 24. Rxf4 Bxf4+ 25. Nxf4 Rxf1 26. Bxf1 Qxf4+ 27.
Qg3 1-0

[Event "Mainz sim"]
[Site "Mainz"]
[Date "2007.08.13"]
[Round "?"]
[White "Ivanchuk, Vassily"]
[Black "Reitz, Gerhard"]
[Result "1-0"]
[WhiteElo "2762"]
[BlackElo "2048"]
[PlyCount "65"]
[EventDate "2007.08.13"]
[EventType "simul"]
[EventRounds "1"]
[EventCountry "GER"]
[SourceTitle "CBM 119 Extra"]
[Source "ChessBase"]
[SourceDate "2007.09.04"]
[SourceVersion "1"]
[SourceVersionDate "2007.09.04"]
[SourceQuality "1"]

1. c4 e6 2. Nc3 d5 3. d4 c6 4. Qb3 Nf6 5. Nf3 Bd6 6. Bg5 Nbd7 7. e3 O-O 8. Rc1
Qa5 9. Bh4 Ne4 10. Bd3 dxc4 11. Qxc4 Nxc3 12. bxc3 Ba3 13. Rc2 e5 14. O-O Nb6
15. Qb3 exd4 16. cxd4 Be6 17. Qb1 Qh5 18. Bg3 Rfe8 19. Ne5 Rad8 20. Be2 Qg5 21.
Rd1 Bd6 22. Nf3 Qg6 23. Bd3 Qh5 24. Bxd6 Rxd6 25. Rc5 Qh6 26. h3 Na4 27. Re5 b5
28. Qb4 Rd5 29. Rc1 a5 30. Qxa5 Nb2 31. Bf1 f6 32. Rxe6 Kf7 33. Rxe8 1-0

[Event "Mainz sim"]
[Site "Mainz"]
[Date "2007.08.13"]
[Round "?"]
[White "Ivanchuk, Vassily"]
[Black "Rosa, Mike"]
[Result "1-0"]
[WhiteElo "2762"]
[BlackElo "2098"]
[PlyCount "37"]
[EventDate "2007.08.13"]
[EventType "simul"]
[EventRounds "1"]
[EventCountry "GER"]
[SourceTitle "CBM 119 Extra"]
[Source "ChessBase"]
[SourceDate "2007.09.04"]
[SourceVersion "1"]
[SourceVersionDate "2007.09.04"]
[SourceQuality "1"]

1. d4 Nf6 2. c4 e6 3. Nc3 b6 4. e4 Bb7 5. Bd3 d5 6. cxd5 exd5 7. e5 Ne4 8. Nge2
Be7 9. Qc2 Nxc3 10. bxc3 h6 11. Ng3 c5 12. Nf5 O-O 13. Qe2 Bc8 14. h4 Bxf5 15.
Bxf5 Re8 16. Qg4 Kh8 17. Qh5 Kg8 18. Bxh6 Bf6 19. Bg5 1-0

[Event "Mainz sim"]
[Site "Mainz"]
[Date "2007.08.13"]
[Round "?"]
[White "Ivanchuk, Vassily"]
[Black "Rossi, Aldo"]
[Result "1-0"]
[WhiteElo "2762"]
[BlackElo "1559"]
[PlyCount "85"]
[EventDate "2007.08.13"]
[EventType "simul"]
[EventRounds "1"]
[EventCountry "GER"]
[SourceTitle "CBM 119 Extra"]
[Source "ChessBase"]
[SourceDate "2007.09.04"]
[SourceVersion "1"]
[SourceVersionDate "2007.09.04"]
[SourceQuality "1"]

1. c4 Nf6 2. Nc3 d6 3. g3 e5 4. Bg2 Nc6 5. Nf3 g6 6. d4 exd4 7. Nxd4 Nxd4 8.
Qxd4 Bg7 9. b3 O-O 10. Bb2 c6 11. Qd2 Be6 12. Rd1 Ne8 13. h4 h5 14. O-O Qa5 15.
Na4 Qxd2 16. Rxd2 Bh6 17. e3 Rd8 18. Rfd1 Bg4 19. Re1 Bc8 20. Nc5 b6 21. Ne4
Bg7 22. Bxg7 Kxg7 23. Red1 d5 24. cxd5 cxd5 25. Rxd5 Rxd5 26. Rxd5 Bb7 27. Rd4
Bxe4 28. Bxe4 Nf6 29. Bd3 Rc8 30. Bc4 Rc7 31. Kf1 Ng4 32. Ke2 Ne5 33. a4 Nxc4
34. Rxc4 Rxc4 35. bxc4 Kf6 36. e4 Ke5 37. Ke3 f6 38. f3 Ke6 39. Kd4 Kd6 40. f4
a6 41. e5+ fxe5+ 42. fxe5+ Ke6 43. Ke4 1-0

[Event "Mainz sim"]
[Site "Mainz"]
[Date "2007.08.13"]
[Round "?"]
[White "Ivanchuk, Vassily"]
[Black "Sausner, Carsten"]
[Result "1-0"]
[WhiteElo "2762"]
[BlackElo "800"]
[PlyCount "51"]
[EventDate "2007.08.13"]
[EventType "simul"]
[EventRounds "1"]
[EventCountry "GER"]
[SourceTitle "CBM 119 Extra"]
[Source "ChessBase"]
[SourceDate "2007.09.04"]
[SourceVersion "1"]
[SourceVersionDate "2007.09.04"]
[SourceQuality "1"]

1. Nf3 d5 2. c4 c6 3. e3 Nf6 4. Nc3 a6 5. Qc2 g6 6. b3 Bg7 7. Bb2 O-O 8. Be2
Bf5 9. d3 Re8 10. O-O Qc7 11. Rac1 dxc4 12. bxc4 c5 13. Nd5 Nxd5 14. cxd5 Bxb2
15. Qxb2 Bg4 16. d4 Nd7 17. dxc5 Nxc5 18. Qd4 Bxf3 19. Rxc5 Qxc5 20. Qxc5 Bxe2
21. Rc1 Bg4 22. Qb4 Be2 23. Qxb7 Bc4 24. Rxc4 Rab8 25. Qc6 Rb1+ 26. Rc1 1-0

[Event "Mainz sim"]
[Site "Mainz"]
[Date "2007.08.13"]
[Round "?"]
[White "Ivanchuk, Vassily"]
[Black "Szivek, Ernoe"]
[Result "1-0"]
[WhiteElo "2762"]
[BlackElo "1700"]
[PlyCount "47"]
[EventDate "2007.08.13"]
[EventType "simul"]
[EventRounds "1"]
[EventCountry "GER"]
[SourceTitle "CBM 119 Extra"]
[Source "ChessBase"]
[SourceDate "2007.09.04"]
[SourceVersion "1"]
[SourceVersionDate "2007.09.04"]
[SourceQuality "1"]

1. e4 e5 2. f4 exf4 3. Nf3 d6 4. d4 Nf6 5. Nc3 Be7 6. Bxf4 O-O 7. Qd2 a6 8.
O-O-O d5 9. e5 Ne4 10. Nxe4 dxe4 11. Ng5 Bxg5 12. Bxg5 Qd5 13. c4 Qc6 14. d5
Qg6 15. Bf4 Bf5 16. h3 h5 17. g4 Bd7 18. gxh5 Qxh5 19. Be2 Qh4 20. Rdg1 Qh7 21.
Bh6 g6 22. h4 Bf5 23. h5 Nd7 24. hxg6 1-0

[Event "Mainz sim"]
[Site "Mainz"]
[Date "2007.08.13"]
[Round "?"]
[White "Ivanchuk, Vassily"]
[Black "Voigt, Ingrid"]
[Result "1/2-1/2"]
[WhiteElo "2762"]
[BlackElo "2122"]
[PlyCount "61"]
[EventDate "2007.08.13"]
[EventType "simul"]
[EventRounds "1"]
[EventCountry "GER"]
[SourceTitle "CBM 119 Extra"]
[Source "ChessBase"]
[SourceDate "2007.09.04"]
[SourceVersion "1"]
[SourceVersionDate "2007.09.04"]
[SourceQuality "1"]

1. Nf3 e6 2. c4 d5 3. g3 b6 4. Bg2 Bb7 5. d4 Nf6 6. cxd5 exd5 7. Nc3 Be7 8.
Qa4+ Bc6 9. Qc2 O-O 10. O-O Nbd7 11. Bf4 Rc8 12. Rac1 a6 13. Rfd1 Bb7 14. Bh3
h6 15. Ne5 c5 16. Nxd7 Nxd7 17. dxc5 Rxc5 18. Qb3 Nf6 19. Be3 Rc6 20. Bg2 Rd6
21. Bf4 Rd7 22. Na4 b5 23. Nc5 Bxc5 24. Rxc5 Qe7 25. Qe3 Ne4 26. Bxe4 dxe4 27.
Rxd7 Qxd7 28. Rc7 Qd5 29. h4 Rc8 30. Rxc8+ Bxc8 31. Qd2 1/2-1/2

[Event "Mainz sim"]
[Site "Mainz"]
[Date "2007.08.13"]
[Round "?"]
[White "Ivanchuk, Vassily"]
[Black "Volk, Benjamin"]
[Result "1-0"]
[WhiteElo "2762"]
[BlackElo "1651"]
[PlyCount "89"]
[EventDate "2007.08.13"]
[EventType "simul"]
[EventRounds "1"]
[EventCountry "GER"]
[SourceTitle "CBM 119 Extra"]
[Source "ChessBase"]
[SourceDate "2007.09.04"]
[SourceVersion "1"]
[SourceVersionDate "2007.09.04"]
[SourceQuality "1"]

1. c4 Nf6 2. Nc3 e6 3. d4 d5 4. Bg5 Be7 5. e3 h6 6. Bh4 Nbd7 7. Nf3 c5 8. dxc5
Nxc5 9. cxd5 Nxd5 10. Bxe7 Qxe7 11. Nxd5 exd5 12. Qxd5 O-O 13. Qe5 Ne6 14. a3
Bd7 15. Bd3 Rfe8 16. O-O Rac8 17. Rac1 Ng5 18. Qxe7 Nxf3+ 19. gxf3 Rxe7 20.
Rxc8+ Bxc8 21. Rc1 Be6 22. h4 g5 23. hxg5 hxg5 24. Kg2 Rd7 25. Rc3 Kg7 26. Kg3
f6 27. f4 gxf4+ 28. Kxf4 Re7 29. Be4 Kf8 30. Bf5 Bd5 31. Rd3 Bc6 32. e4 Kg8 33.
Rd6 Kf7 34. f3 Kg7 35. Ke3 Kf7 36. Kd4 Re5 37. Kc3 Ke7 38. Rd4 Rc5+ 39. Rc4 Kd6
40. Rxc5 Kxc5 41. b4+ Kd6 42. Kd4 b6 43. f4 Ke7 44. e5 fxe5+ 45. Kxe5 1-0

[Event "Mainz sim"]
[Site "Mainz"]
[Date "2007.08.13"]
[Round "?"]
[White "Ivanchuk, Vassily"]
[Black "Weinzierl, Rudolf"]
[Result "1-0"]
[WhiteElo "2762"]
[BlackElo "1733"]
[PlyCount "42"]
[EventDate "2007.08.13"]
[EventType "simul"]
[EventRounds "1"]
[EventCountry "GER"]
[SourceTitle "CBM 119 Extra"]
[Source "ChessBase"]
[SourceDate "2007.09.04"]
[SourceVersion "1"]
[SourceVersionDate "2007.09.04"]
[SourceQuality "1"]

1. e4 e5 2. Nf3 Nc6 3. Bb5 d6 4. d4 exd4 5. Qxd4 Nf6 6. e5 dxe5 7. Bxc6+ bxc6
8. Qxd8+ Kxd8 9. Nxe5 Be6 10. Nxc6+ Kc8 11. O-O Bd6 12. Nd4 Bd7 13. Nc3 Kb7 14.
Bg5 Rhe8 15. Bxf6 gxf6 16. Rfe1 Rxe1+ 17. Rxe1 Re8 18. Rxe8 Bxe8 19. Ne4 Be5
20. c3 Kb6 21. g3 c5 1-0

[Event "Mainz sim"]
[Site "Mainz"]
[Date "2007.08.13"]
[Round "?"]
[White "Ivanchuk, Vassily"]
[Black "Wendling, Boerries"]
[Result "1-0"]
[WhiteElo "2762"]
[BlackElo "1296"]
[PlyCount "35"]
[EventDate "2007.08.13"]
[EventType "simul"]
[EventRounds "1"]
[EventCountry "GER"]
[SourceTitle "CBM 119 Extra"]
[Source "ChessBase"]
[SourceDate "2007.09.04"]
[SourceVersion "1"]
[SourceVersionDate "2007.09.04"]
[SourceQuality "1"]

1. c4 c5 2. Nf3 Nc6 3. d4 d5 4. cxd5 Qxd5 5. Nc3 Qd8 6. d5 Na5 7. e4 e6 8. Bb5+
Bd7 9. Bxd7+ Qxd7 10. Ne5 Qc7 11. Qa4+ Ke7 12. Bf4 Qd8 13. O-O-O b5 14. Nxb5
Qb6 15. d6+ Kd8 16. Nxf7+ Ke8 17. Nxh8 Rc8 18. Nxa7+ 1-0

[Event "Mainz sim"]
[Site "Mainz"]
[Date "2007.08.13"]
[Round "?"]
[White "Ivanchuk, Vassily"]
[Black "Werner, Hansi"]
[Result "1-0"]
[WhiteElo "2762"]
[BlackElo "800"]
[PlyCount "63"]
[EventDate "2007.08.13"]
[EventType "simul"]
[EventRounds "1"]
[EventCountry "GER"]
[SourceTitle "CBM 119 Extra"]
[Source "ChessBase"]
[SourceDate "2007.09.04"]
[SourceVersion "1"]
[SourceVersionDate "2007.09.04"]
[SourceQuality "1"]

1. e4 e5 2. f4 d6 3. Bc4 Nf6 4. d3 Nc6 5. Nc3 Be6 6. Nf3 Bxc4 7. dxc4 h6 8. f5
Be7 9. Rg1 g6 10. g4 gxf5 11. gxf5 Qd7 12. Be3 O-O-O 13. Qe2 b6 14. O-O-O Qe8
15. Kb1 Kb7 16. Rg2 a5 17. Rdg1 Ra8 18. Nd5 Nxe4 19. Bxb6 cxb6 20. Qxe4 Bd8 21.
Rg7 Kb8 22. f6 Ra7 23. Nh4 Rf8 24. Nf5 Qe6 25. Nxh6 Rb7 26. Ng8 Ka7 27. h4 Nd4
28. h5 Nf5 29. R7g5 Nd4 30. h6 Rxg8 31. Rxg8 Bxf6 32. h7 1-0

[Event "Mainz sim"]
[Site "Mainz"]
[Date "2007.08.13"]
[Round "?"]
[White "Ivanchuk, Vassily"]
[Black "Zweschper, Erich"]
[Result "1-0"]
[WhiteElo "2762"]
[BlackElo "2155"]
[PlyCount "97"]
[EventDate "2007.08.13"]
[EventType "simul"]
[EventRounds "1"]
[EventCountry "GER"]
[SourceTitle "CBM 119 Extra"]
[Source "ChessBase"]
[SourceDate "2007.09.04"]
[SourceVersion "1"]
[SourceVersionDate "2007.09.04"]
[SourceQuality "1"]

1. c4 d6 2. Nc3 e5 3. g3 Nf6 4. Bg2 Be7 5. Nf3 O-O 6. O-O c6 7. Qc2 Bg4 8. h3
Be6 9. b3 h6 10. d4 Nbd7 11. Bb2 Qc7 12. Rac1 Rac8 13. e4 Nb6 14. Rfd1 Rfd8 15.
d5 cxd5 16. exd5 Bd7 17. Nh4 Nh5 18. Qe2 g6 19. Nf3 Re8 20. a4 a5 21. Qe1 Qd8
22. Ne2 Na8 23. c5 f6 24. cxd6 Bxd6 25. Nd2 Rxc1 26. Rxc1 Nb6 27. Bc3 Nc8 28.
Nc4 b6 29. g4 Ng7 30. Ng3 Bb8 31. Qd2 h5 32. gxh5 g5 33. d6 Be6 34. Rd1 Qd7 35.
Ne4 Rf8 36. h6 Nh5 37. Nxg5 Bxc4 38. bxc4 Nf4 39. Ne4 Kh7 40. c5 Nxg2 41. Kxg2
Rg8+ 42. Kh2 Qf5 43. Qd3 Qf4+ 44. Ng3+ Kh8 45. Qf5 bxc5 46. d7 Nd6 47. Qxf4
exf4 48. Bxf6+ Kh7 49. d8=Q 1-0

[Event "Mainz sim"]
[Site "Mainz"]
[Date "2007.08.13"]
[Round "?"]
[White "Ivanchuk, Vassily"]
[Black "Jurkic, Bosiljko"]
[Result "1-0"]
[WhiteElo "2762"]
[BlackElo "2088"]
[PlyCount "75"]
[EventDate "2007.08.13"]
[EventType "simul"]
[EventRounds "1"]
[EventCountry "GER"]
[SourceTitle "CBM 119 Extra"]
[Source "ChessBase"]
[SourceDate "2007.09.04"]
[SourceVersion "1"]
[SourceVersionDate "2007.09.04"]
[SourceQuality "1"]
[BlackTeam "Schwarzenbach"]
[BlackTeamCountry "GER"]

1. c4 Nf6 2. Nc3 e6 3. Nf3 d5 4. d4 c6 5. e3 Nbd7 6. Qc2 a6 7. b3 Bb4 8. a3
Bxc3+ 9. Qxc3 Ne4 10. Qc2 O-O 11. Bd3 f5 12. O-O Rf6 13. a4 a5 14. Ba3 Rh6 15.
Rac1 Nf8 16. Rfd1 Ng6 17. Bf1 Bd7 18. g3 Be8 19. Bg2 Nh8 20. Ne5 Nf7 21. Nd3
Nfg5 22. f3 Nf6 23. Rf1 Nf7 24. Nc5 Qc8 25. Rfe1 b6 26. Nd3 Qd8 27. c5 b5 28.
axb5 cxb5 29. c6 Qc7 30. Qc5 b4 31. Bb2 g5 32. e4 fxe4 33. fxe4 Ng4 34. exd5
Nxh2 35. Re5 Ng4 36. d6 Nxd6 37. Rxg5+ Rg6 38. Nf4 1-0

[Event "Mukachevo m g/10'+10''"]
[Site "Mukachevo"]
[Date "2007.10.26"]
[Round "4"]
[White "Ivanchuk, Vassily"]
[Black "Leko, Peter"]
[Result "1/2-1/2"]
[WhiteElo "2787"]
[BlackElo "2755"]
[Annotator "CB"]
[PlyCount "98"]
[EventDate "2007.10.26"]
[EventType "match (rapid)"]
[EventRounds "12"]
[EventCountry "UKR"]
[SourceTitle "CBM 121"]
[Source "ChessBase"]
[SourceDate "2007.11.14"]
[SourceVersion "1"]
[SourceVersionDate "2007.11.14"]
[SourceQuality "1"]

1. e4 c5 2. Nf3 Nc6 3. Nc3 e5 4. Bc4 d6 5. d3 Be7 6. Nd2 Bg5 7. Nf1 Bxc1 8.
Rxc1 Nge7 9. Ne3 O-O 10. O-O Ng6 11. Ncd5 Nce7 12. c3 Be6 13. Nxe7+ Qxe7 14. g3
Rab8 15. a4 Qd7 16. Qb3 Ne7 17. f4 exf4 18. gxf4 Bxc4 19. Qxc4 Kh8 20. f5 f6
21. Qe6 Qc7 22. Rc2 Rbe8 23. Rg2 Nc6 24. Qd5 Rd8 25. Rf3 Qd7 26. Rfg3 Ne7 27.
Qb3 g6 28. Qd1 Rg8 29. fxg6 Rxg6 30. Qf3 Rf8 31. Qf4 Rxg3 32. Rxg3 Qe6 33. Qh6
Rg8 34. Kf2 b6 35. Rf3 Rg6 36. Qf8+ Ng8 37. Nd5 Qg4 38. Rg3 Qh4 39. Kg2 Rxg3+
40. hxg3 Qg5 41. Ne7 Qg4 42. Kf2 Qg5 43. Ke2 (43. Nxg8 $1 {and the white king
can escape from perpetual check - on the square a8, e.g.:} Qd2+ (43... Qxg8 44.
Qxf6+ Qg7 45. Qxd6) 44. Kf3 Qxd3+ 45. Kf4 Qf1+ 46. Kg4 Qe2+ 47. Kf5 Qf3+ 48.
Ke6 Qxe4+ 49. Kxd6 Qd3+ 50. Kc6 Qf3+ 51. Kb5 Qd3+ 52. c4 Qb3+ 53. Ka6 Qxa4+ (
53... Qxc4+ 54. Kxa7 $18) 54. Kb7 Qd7+ 55. Ka8 {and no more checks, so:} Qg7 (
55... Qc6+ 56. Kb8 {loses immediately}) 56. Qxg7+ Kxg7 57. Nxf6 Kxf6 58. Kxa7
Kf5 59. Kxb6 Kg4 60. Kxc5 Kxg3 61. b4 {and White wins.}) 43... Qxg3 44. Nxg8
Qg2+ 45. Kd1 Qg1+ 46. Kc2 Qg2+ (46... Qxg8 $2 47. Qxf6+ Qg7 48. Qxd6 {and
White has good winning chances.}) 47. Kc1 (47. Kb3 Qxg8+ 48. Qxg8+ Kxg8 {
and Black is winning.}) 47... Qg1+ 48. Kd2 Qf2+ 49. Kd1 Qf1+ 1/2-1/2

[Event "Moscow Tal Memorial 2nd"]
[Site "Moscow"]
[Date "2007.11.10"]
[Round "1"]
[White "Alekseev, Evgeny V"]
[Black "Ivanchuk, Vassily"]
[Result "1/2-1/2"]
[WhiteElo "2716"]
[BlackElo "2787"]
[Annotator "Krasenkow,M"]
[PlyCount "63"]
[EventDate "2007.11.10"]
[EventType "tourn"]
[EventRounds "9"]
[EventCountry "RUS"]
[EventCategory "20"]
[SourceTitle "CBM 122"]
[Source "ChessBase"]
[SourceDate "2008.01.30"]
[SourceVersion "1"]
[SourceVersionDate "2008.01.30"]
[SourceQuality "1"]

1. d4 Nf6 2. c4 g6 3. g3 c6 4. Nf3 d5 5. Qb3 dxc4 6. Qxc4 Be6 {Quite an
original move order. Black eventually gets a decent position.} 7. Qc2 (7. Qa4
$5 {is probably more logical. Here are two practical examples:} Nbd7 (7... Qc8
8. Nc3 Bg7 9. Bg2 Nbd7 10. e4 Nb6 11. Qc2 Bh3 12. O-O Bxg2 13. Kxg2 O-O 14. Bf4
Re8 15. Rad1 Nfd7 16. Rd3 e5 17. Nxe5 Nxe5 18. Bxe5 Bxe5 19. dxe5 Rxe5 20. f4
Re7 21. Rfd1 Rd7 22. Rxd7 Nxd7 23. e5 $14 {1-0 Georgiev,K-Naiditsch,A/Kemer
TUR 2007/The Week in Chess 674 (42)}) (7... Bg7 {leads to normal Gruenfeld
lines}) 8. Nc3 Nb6 9. Qd1 (9. Qc2 $5) 9... Nbd5 10. Bg2 Bg7 11. O-O O-O 12. Na4
Bf5 13. Nh4 Bc8 14. h3 Nb6 15. e4 Nfd7 16. Nf3 Nxa4 17. Qxa4 e5 18. Be3 Nb6 19.
Qb4 exd4 20. Bxd4 Bxd4 21. Nxd4 a5 22. Qc3 Na4 23. Qe3 Nxb2 24. Rac1 $44 {
1/2-1/2 Dydyshko,V-Urban,K/Dzwirzyno 2004/CBM 102 ext (36)}) 7... Bf5 8. Qa4 {
The black bishop is better placed on f5 than on e6, isn't it?} Nbd7 9. Bg2 Nb6
10. Qd1 Bg7 11. O-O O-O {It is curious that this position has happened (from
different move orders) in two other games (by quite weak players, however).}
12. Nc3 Ne4 13. Nh4 Nxc3 14. bxc3 Be6 15. e4 {White has created a pawn centre
but his knight is away on h4, which Black immediately exploits:} Bc4 16. Re1 c5
17. Nf3 Ba6 $6 {Too passive.} (17... Qd7 $5 18. Be3 cxd4 19. cxd4 Rfd8 20. Qd2
f5) 18. Bf4 (18. Bg5 $5) 18... Nc4 19. Qb3 Qb6 20. Bf1 Na5 21. Qa4 (21. Qxb6
axb6 {[%cal Ga8a2]}) 21... Bxf1 22. Rxf1 Qa6 23. Rab1 cxd4 24. cxd4 b6 {
Now, curiously, we have a position, typical for the D85 line with 8.Rb1. It is
slightly better for White.} 25. Kg2 $6 {White loses a crucial tempo.} (25. Qa3
$1 $14 {[%cal Yd4d5,Yb1c1]}) (25. d5 $143 Qd3 26. Kg2 Rfc8 $132) 25... Qc4 26.
Rb4 (26. Qa3 Qe6 27. Rfe1 Rac8 28. d5 Qd7 29. Rec1 {was still possible
although Black now has more counterplay, e.g. after.} f5) 26... Qd3 27. d5 Rac8
28. Rd1 Qc2 {After the exchange of queens White's initiative vanishes, despite
his apparently strong central pawns.} 29. e5 Rfd8 30. d6 Qxa4 31. Rxa4 Rd7 32.
Rad4 ({After} 32. Rad4 h6 33. h4 Nc4 {Black easily equalizes.}) 1/2-1/2

[Event "Wch Blitz 2nd"]
[Site "Moscow"]
[Date "2007.11.22"]
[Round "25"]
[White "Bacrot, Etienne"]
[Black "Ivanchuk, Vassily"]
[Result "1-0"]
[WhiteElo "2695"]
[BlackElo "2787"]
[PlyCount "20"]
[EventDate "2007.11.21"]
[EventType "tourn (blitz)"]
[EventRounds "38"]
[EventCountry "RUS"]
[EventCategory "19"]
[SourceTitle "EXT 2008"]
[Source "ChessBase"]
[SourceDate "2007.11.25"]
[SourceVersion "1"]
[SourceVersionDate "2007.11.25"]
[SourceQuality "1"]

1. d4 e6 2. e4 d5 3. Nc3 Nf6 4. Bg5 dxe4 5. Nxe4 Nbd7 6. Nf3 h6 7. Nxf6+ gxf6
8. Bh4 c5 9. Bc4 cxd4 10. O-O Bc5 1-0